000 00590nam a2200193Ia 4500
005 20250508150522.0
008 008 250505s9999 xx 000 0 eng d
037 _aTextual
040 _aFEDL
_beng
_cFEDL
041 _aeng
_2eng
084 _a370.942, BRI
_qFEDL
245 4 _aThe education of the adolescent : Report of the consultative committee
245 0 _cLondon, Board Of Education
260 _aLondon, UK
_bHis Majesty's Stationery Office
_c1927
300 _axxiv,337p
650 _aEducation
942 _cTEXL
_h370.942, BRI
999 _c1324034
_d1324034